| 000 | 00558nam a22001697a 4500 | ||
|---|---|---|---|
| 005 | 20251108164203.0 | ||
| 008 | 250721s1993 xx 000 0 ara d | ||
| 082 | 1 | 4 | _a301,4120962/نرى |
| 100 | 1 | _aأحمد، نريمان عبد الكريم | |
| 245 | 1 | 0 | _aالمرأة في مصر في العصر الفاطمي / |
| 264 | 1 |
_aالقاهرة : _bالهيئة المصرية العامة للكتاب، _c1993. |
|
| 300 | _a274ص | ||
| 650 | 1 | 7 | _aالمرأة العربية |
| 650 | 1 | 7 | _aالفاطميون 909-1171 |
| 942 |
_2ddc _cBK |
||
| 999 |
_c5852 _d5852 |
||